000 00605nam a2200181Ia 4500
005 20250423094948.0
008 250422s9999 xx 000 0 und d
020 _a9780821342572
050 _aJF 1081 .S73/
100 _aEdited by Stapenhurst, Rick and Kpundeh, Sahr John.
245 0 _aCurbing corruption : toward a model for building national integrity
260 _aWashington, D.C.
260 _bWorld Bank
260 _c1999
300 _a254 p
650 _aPolitical corruption. Political corruption--Case studies. Political corruption--Africa, Sub-Saharan--Case studies.
942 _cBK
999 _c28822
_d28822